Surnoms nationaux de pays - Statistiques

Statistiques générales
  • Ce quiz a été pris 64 fois
  • Le résultat moyen est 7 sur 10
Statistiques - réponses
Surnom Pays % Correct
L'Hexagone France
100%
Le Pays de la Liberté États-Unis
93%
La Botte Italie
93%
L'Empire du Soleil Levant Japon
93%
Le Don du Nil Égypte
91%
L'Empire du Milieu Chine
89%
La Terre de Glace et de Feu Islande
59%
La Perfide Albion Royaume-Uni
57%
La Nation Arc-en-Ciel Afrique du Sud
39%
L'Île Émeraude Irlande
33%
Aucun quiz correspondant
Distribution des résultats
% des personnes avec chaque résultat
Percentile par nombre de réponses
Votre historique - résultats
Vous n’avez pas pris ce quiz